000
00302nam a2200109Ia 4500
008
200302s9999 xx 000 0 und d
100
_a
Mercedes Daguerre
245
_a
Twenty Houses by twenty architects Adria/Broid/Rojkind,Tadao Ando
260
_b
pall Mall Press Ltd/.,
260
_c
2012
300
_a
237
999
_c
3407
_d
3407